Top 20 countries with the best food - Statistics

General Stats
  • This quiz has been taken 56 times
    45 since last reset
  • The average score is 14 of 20
Answer Stats
Rating Answer % Correct
4.64/5 Italy
97%
4.49/5 Japan
97%
4.48/5 China
94%
4.48/5 France
94%
4.43/5 India
94%
4.46/5 Mexico
94%
4.36/5 Brazil
91%
4.53/5 Spain
91%
4.42/5 United States of America
91%
4.60/5 Greece
83%
4.49/5 Turkey
80%
4.53/5 Portugal
71%
4.34/5 South Korea
66%
4.48/5 Indonesia
54%
4.36/5 Vietnam
51%
4.54/5 Peru
49%
4.42/5 Poland
49%
4.35/5 Croatia
37%
4.34/5 Lebanon
29%
4.45/5 Serbia
20%
No matching quizzes found
Score Distribution
Percent of People with Each Score
Percentile by Number Answered
Your Score History
You have not taken this quiz since the last reset